beatmania IIDX versions - Statistics

General Stats
  • This quiz has been taken 23 times
    21 since last reset
  • The average score is 26 of 34
Answer Stats
Platform # name year % Correct
Arcade + PS2 14 GOLD 2007(2008)
100%
Arcade + PS2 11 IIDX RED 2004(2006)
100%
Arcade 1 1st style 1999
92%
Arcade 2 2nd style 1999
92%
Arcade + PS2 3 3rd style 2000
92%
Arcade + PS2 4 4th style 2000(2001)
92%
Arcade + PS2 5 5th style 2001
92%
Arcade + PS2 6 6th style 2001(2002)
92%
Arcade + PS2 7 7th style 2002(2004)
92%
Arcade + PS2 8 8th style 2002(2004)
92%
Arcade + PS2 9 9th style 2003(2005)
92%
Arcade + PS2 13 DistorteD 2006(2007)
92%
Arcade + PS2 12 HAPPY SKY 2005(2006)
92%
Arcade 17 SIRIUS 2009
92%
Arcade 21 SPADA 2013
92%
Arcade + PS2 10 10th style 2004(2005)
83%
Arcade 19 Lincle 2011
83%
Arcade 18 Resort Anthem 2010
83%
Arcade + PS2 15 DJ TROOPERS 2007(2008)
75%
Arcade + PS2 16 EMPRESS (+ PREMIUM BEST) 2008(2009)
75%
PC INFINITAS 2015
75%
Arcade 22 PENDUAL 2014
75%
Arcade substream 1999
75%
Arcade 20 tricolo 2012
75%
Arcade 23 copula 2015
67%
Arcade 24 SINOBUZ 2016
67%
Arcade 25 CANNON BALLERS 2017
58%
Arcade 28 BISTROVER 2020
50%
Arcade 31 EPOLIS 2023
50%
Arcade 27 HEROIC VERSE 2019
50%
Arcade 30 RESIDENT 2022
50%
Arcade 26 Rootage 2018
50%
Arcade 29 CastHour 2021
42%
Mobile ULTIMATE MOBILE 2019
42%
No matching quizzes found
Score Distribution
Percent of People with Each Score
Percentile by Number Answered
Your Score History
You have not taken this quiz since the last reset